Statistiques concernant Culture G Pokémon #3

Cliquez ici pour prendre le quiz!

Statistiques générales

  • Ce quiz a été pris 338 fois
    (192 depuis la dernière actualisation)
  • Le résultat moyen est 24 sur 50

Statistiques - réponses

QuestionRéponse% Correct
À quel endroit peut-on capturer à coup sûr un Léviator chromatique ?Lac Colère
93%
Quelle forme évoluée d'Évoli possède la plus haute statistique de base de PV ?Aquali
85%
Combien de PP a l'attaque Lame de Roc ?5
84%
Dans quelle région peut-on trouver le Mont Creuset et la Tour Cendrée ?Johto
84%
De quel animal est inspiré Moustillon ?Loutre
79%
Comment s'appelle le détective devenu un personnage récurrent dans la série principale ?Beladonis
77%
À combien peut-on revendre une Pépite ?5000 Pokédollars
76%
De quel Pokémon Fureur des Plumes Spectrales est-elle la capacité Z signature ?Archéduc
75%
Comment s'appelle le petit frère de Flora ? Max
73%
À quel niveau évolue Crikzik ?10
71%
En quel Pokémon évolue Miaouss de Galar ?Berserkatt
70%
Qu'est-il sensé arriver à Spoink s'il s'arrête de rebondir ?Il meurt
70%
Quel est le seul Pokémon au dernier stade d'évolution possédant le talent Aquabulle ?Tarenbulle
70%
Comment évolue Brocélôme ?Échange
69%
Dans le refrain du générique de la saison 1, qu'est-ce qui triomphera ?Notre amitié
68%
À quel niveau est le Métalosse de Pierre Rochard à la Ligue de Pokémon Rubis et Saphir ?58
67%
Quel Pokémon Dominant faut-il affronter au Grand Canyon de Poni ?Ékaïser
65%
Quel Pokémon évolue au niveau le plus tardif ?Diamat
64%
À partir de quel fossile peut-on ressusciter un Anorith ?Fossile Griffe
63%
À quel tier stratégique appartient Scorvol en 7G ?OverUsed
63%
Quel est l'effet secondaire possible de l'attaque Forte-Paume ?Paralysie
62%
Quelle est la statistique de base de Défense et de Défense Spéciale de Caratroc ?230
61%
De qui reçoit-on un œuf de Riolu sur l'Île de Fer ?Armand
61%
Des personnages de quel roman éponyme d'Alexandre Dumas sont inspirés Cobaltium, Terrakium, Viridium et Keldeo ?Les Trois Mousquetaires
61%
Que signifie le T dans l'abréviation PWT, un lieu de combat de haut niveau à proximité de Port Yoneuve ?Tournament
61%
Quelle est l'attaque signature de Frison ?Peignée
60%
Quelle bicyclette permet de faire des petits bonds pour traverser certains passages à Hoenn ?Vélo Cross
58%
Quel objet permet à son porteur d'ignorer les dégâts de Piège de Roc ?Grosses Bottes
55%
Quels deux types ont le moins de faiblesses ?Normal et Électrik
49%
Quel est le prénom du professeur Chen ?Samuel
45%
Quel Champion d'Arène donne le Badge Lever ?Sandra
42%
Dans quelle série animée américaine à l'humour grinçant trouve-t-on des Chinpokomon, parodie évidente des Pokémon ?South Park
42%
Quelle attaque de type Insecte, d'une puissance de 50, augmente d'un cran l'Attaque du lanceur s'il l'utilise pour achever l'adversaire ?Dard Mortel
39%
Quel est le personnage le plus âgé de tous les jeux de la série principale ?A.Z.
35%
Comment s'appelle l'immense pont suspendu reliant la Forêt d'Empoigne à Volucité ?Pont Sagiciel
35%
Comment s'appelle la forme défensive d'Exagide ?Forme Parade
32%
Quel Pokémon de type Glace possède exactement les mêmes statistiques de base que Phione ?Oniglali
27%
Quel Pokémon a le plus faible total de statistiques de base ?Froussardine
24%
Quel est le nom complet de N ?Natural Harmonia Gropius
18%
Qui est la 4ème scientifique de la Team Flare : Cyane, Brasénie, Ancolie et...Myosotis
17%
Quel Pokémon ne peut être rencontré dans la nature qu'en utilisant Éclate-Roc, jusqu'à la 6G ?Opermine
15%
Quel Pokémon a pour nom japonais Kibago ?Coupenotte
14%
Quelle baie diminue les dégâts subis par le porteur lorsqu'il encaisse une attaque super efficace de type Ténèbres ?Baie Lampou
13%
À quel endroit peut-on capturer Artikodin, Électhor ou Sulfura à Kalos ?Antre Néréen
11%
Quel est le seul Pokémon qui évolue au niveau 49 ?Clic
11%
Quel jeu, jamais sorti en France, consiste à interagir avec Pikachu pour faire différentes actions ?Hey You, Pikachu !
8%
Comment s'appelle le Smash Final de Rondoudou dans la série des Super Smash Bros. ?Mégagonflage
8%
Quelle attaque Rémoraid apprend-t-il au niveau 14 en 7G, et au niveau 16 en 8G ?Onde Boréale
8%
Sur quelle île de Sinnoh se trouvent l'Aire de Survie, l'Aire de Détente et l'Aire de Combat ?Secteur Combat
4%
Dans la série des Pokémon Ranger, quelle Capacité Terrain consiste à envoyer une décharge électrique sur la cible pour la court-circuiter ou la détruire ?Survoltage
4%

Distribution des résultats

Percentile par nombre de réponses

% des personnes avec chaque résultat

Votre développement - résultats

Vous n’avez pas pris ce quiz depuis la dernière actualisation